Statistics for Find the Spelling #7

Click here to take the quiz!

General Stats

  • This quiz has been taken 38 times
  • The average score is 4 of 5

Answer Stats

QuestionAnswer% Correct
Which is correct?Glacier
100%
Which is correct?Ignorance
100%
Which is correct?Desperately
88%
Which is correct?Connecticut
85%
Which is correct?Pronunciation
61%

Score Distribution

Percentile by Number Answered

Percent of People with Each Score

Your Score History

You have not taken this quiz